000 00536nam a22001697a 4500
999 _c40955
_d40955
003 OSt
005 20210225125721.0
008 210224b ||||| |||| 00| 0 eng d
020 _a9789350134443
040 _coclc
082 _a332.110954
_bDAR/B
100 _98475
_aDarpan, Samanya Gyan
245 _aBank Clerical Cadre
_bCommon Written Exam Solved Papers /
_cSamanya Gyan Darpan
260 _aAgra:
_bUpkar Prakashan,
_c2011.
300 _a350p
942 _2ddc
_cBK
_iDAR/B
_k332.110954
_mDAR/B
_h332.110954